| 000 | 00303nam a2200109Ia 4500 | ||
|---|---|---|---|
| 008 | 230907s9999||||xx |||||||||||||| ||und|| | ||
| 082 |
_a621.319 _bSTE |
||
| 245 | 0 | _aElements of Power System Analysis / | |
| 260 |
_aNew Delhi : _bMcGraw-Hill Education (India) _c2014 |
||
| 300 | _axii, 436 p. | ||
| 942 | _cBK | ||
| 999 |
_c598286 _d598286 |
||